[Event "C-Klasse 2010 (C68)"]
[Site "Berlin-Weißensee"]
[Date "2010.05.12"]
[Round "1.1"]
[White "Focke, Wolfgang"]
[Black "Struk, Thaddaeus"]
[Result "0-1"]
[WhiteElo "1583"]
[BlackElo "1386"]
[PlyCount "76"]
[EventDate "2010.??.??"]

1. e4 c5 2. Nf3 Nc6 3. Bb5 d6 4. O-O a6 5. Bxc6+ bxc6 6. d4 cxd4 7. Qxd4 Nf6 8.
Nc3 c5 9. Qd3 Qc7 10. b3 Bb7 11. Bg5 Nd7 12. Nd5 Qb8 13. Rfe1 e6 14. Nc3 Nb6
15. Rad1 Qc7 16. Bh4 f6 17. Bg3 Rd8 18. Nd2 Be7 19. f4 O-O 20. Nc4 Nc8 21. f5
e5 22. Nd5 Bxd5 23. Qxd5+ Kh8 24. Ne3 Rd7 25. c4 Bd8 26. Re2 Ne7 27. Qd2 Qa5
28. Qb2 Nc6 29. Be1 Qb6 30. Red2 Nd4 {(=)} 31. Nd5 Qb8 32. Bf2 Ba5 33. Rd3 Re8
34. h4 Rb7 35. h5 h6 36. Be3 Bd8 37. Qf2 a5 38. Qg3 Ne2+ 0-1

[Event "C-Klasse 2010 (C68)"]
[Site "Berlin-Weißensee"]
[Date "2010.05.12"]
[Round "1.2"]
[White "Bara, Andre"]
[Black "Lange, Rudolf"]
[Result "0-1"]
[WhiteElo "1618"]
[BlackElo "1671"]
[PlyCount "34"]
[EventDate "2010.??.??"]

1. c4 c6 2. e4 d5 3. cxd5 cxd5 4. e5 Nc6 5. d4 Bf5 6. Bb5 Qa5+ 7. Nc3 e6 8.
Nge2 Bb4 9. O-O Nge7 10. Be3 O-O 11. a3 Bxc3 12. Nxc3 a6 13. b4 Nxb4 14. axb4
Qxb4 15. Nxd5 Nxd5 16. Qa4 Qxb5 17. Qxb5 axb5 0-1

[Event "C-Klasse 2010 (C68)"]
[Site "Berlin-Weißensee"]
[Date "2010.05.12"]
[Round "1.3"]
[White "Noak, Uwe"]
[Black "Gressmann, Moritz"]
[Result "1-0"]
[WhiteElo "1534"]
[BlackElo "1600"]
[PlyCount "99"]
[EventDate "2010.??.??"]

1. c4 e5 2. Nc3 Nc6 3. e4 Nf6 4. g3 Bc5 5. Bg2 O-O 6. Nge2 d6 7. Na4 Bb6 8.
Nxb6 axb6 9. a3 Be6 10. d3 Qd7 11. f4 Bg4 12. Be3 Bh3 13. O-O Bxg2 14. Kxg2 Ng4
15. Bg1 f5 16. h3 Nh6 17. Be3 fxe4 18. dxe4 Qe6 19. Qd5 Qxd5 20. cxd5 Na5 21.
fxe5 dxe5 22. Rac1 b5 23. Rxc7 Nc4 24. Rxf8+ Rxf8 25. Bc1 Nf7 26. Nc3 Ncd6 27.
Be3 Nc4 28. Bc5 Nfd6 29. b3 b6 30. bxc4 bxc5 31. cxb5 Nc4 32. Nd1 Nd6 33. b6
Rb8 34. Rxc5 Rxb6 35. Rc6 Rxc6 36. dxc6 Nxe4 37. Kf3 Nd6 38. Nc3 Kf7 39. a4 Ke7
40. Nb5 Ke6 {(=)} 41. Nxd6 Kxd6 42. Ke4 Kxc6 43. Kxe5 Kb6 44. Ke6 Ka5 45. Kf7
Kxa4 46. Kxg7 h5 47. g4 hxg4 48. hxg4 Kb5 49. g5 Kc6 50. Kf7 1-0

[Event "C-Klasse 2010 (C68)"]
[Site "Berlin-Weißensee"]
[Date "2010.05.12"]
[Round "1.4"]
[White "Rudolph, Stephanie"]
[Black "Laurin, Dirk"]
[Result "1-0"]
[WhiteElo "1622"]
[BlackElo "1367"]
[PlyCount "85"]
[EventDate "2010.??.??"]

1. d4 d5 2. c4 Nf6 3. Nc3 g6 4. cxd5 Nxd5 5. e4 Nxc3 6. bxc3 Bg7 7. Be3 O-O 8.
Qd2 c5 9. h3 cxd4 10. cxd4 Nc6 11. Nf3 Qa5 12. Rd1 Bd7 13. Be2 Qxd2+ 14. Rxd2
b6 15. O-O f5 16. d5 Ne5 17. Nxe5 Bxe5 18. f4 Bc3 19. Rc2 Rac8 20. Rfc1 Bb4 21.
Ba6 Rxc2 22. Rxc2 fxe4 23. Rc7 Rd8 24. Rxa7 Ba5 25. Kf2 Kf7 26. Rb7 Bc8 27. Rb8
Bxa6 28. Rxd8 Kf6 29. d6 exd6 30. Rxd6+ Ke7 31. Rc6 Kd7 32. Rf6 Bc4 33. a4 Kc7
34. Bd4 Bb3 35. Ke3 Bxa4 36. Rf7+ Kd6 37. Rxh7 Kd5 38. Be5 Bc2 39. Rg7 b5 40.
Rxg6 Bd2+ 41. Kxd2 Bd3 42. Rd6+ Kc5 43. Rxd3 1-0

[Event "C-Klasse 2010 (C68)"]
[Site "Berlin-Weißensee"]
[Date "2010.05.13"]
[Round "2.1"]
[White "Struk, Thaddaeus"]
[Black "Lange, Rudolf"]
[Result "1/2-1/2"]
[WhiteElo "1386"]
[BlackElo "1671"]
[PlyCount "49"]
[EventDate "2010.??.??"]

1. e4 c5 2. f4 d5 3. exd5 Qxd5 4. Nc3 Qd8 5. Nf3 Nf6 6. d4 e6 7. h3 cxd4 8.
Bb5+ Bd7 9. Qxd4 Nc6 10. Qf2 Bb4 11. Bd2 a6 12. Bd3 Qc7 13. Nd4 Nxd4 14. Qxd4
Bc5 15. Qe5 Qb6 16. O-O-O Bd4 17. Qg5 Nd5 18. Rde1 O-O 19. f5 Rac8 20. fxe6
fxe6 21. Rhf1 Rxf1 22. Rxf1 Rxc3 23. Bxh7+ Kxh7 24. Qh5+ Kg8 25. Qf7+ 1/2-1/2

[Event "C-Klasse 2010 (C68)"]
[Site "Berlin-Weißensee"]
[Date "2010.05.13"]
[Round "2.2"]
[White "Focke, Wolfgang"]
[Black "Noak, Uwe"]
[Result "0-1"]
[WhiteElo "1583"]
[BlackElo "1534"]
[PlyCount "72"]
[EventDate "2010.??.??"]

1. e4 c5 2. Nf3 Nc6 3. Bb5 Nd4 4. Nxd4 cxd4 5. c3 a6 6. Ba4 b5 7. Bb3 Bb7 8. d3
d5 9. e5 dxc3 10. bxc3 d4 11. O-O e6 12. Bd2 Nh6 13. a4 Nf5 14. axb5 axb5 15.
Rxa8 Qxa8 16. f3 Bc5 17. Kh1 dxc3 18. Nxc3 Nd4 19. Ne4 Bxe4 20. fxe4 Qa3 21.
Bc2 Qb2 22. Bb1 Nc6 23. Qc1 Qxe5 24. Be3 Nd4 {(=)} 25. Bf4 Qh5 26. g4 Qh3 27.
Qd1 {(=)} O-O 28. g5 Ra8 29. Be5 b4 30. Bxd4 Bxd4 31. Rf3 Qg4 32. Qf1 Qxg5 33.
Rg3 Qc5 34. Rf3 Ra1 35. Kg2 f6 36. e5 Qxe5 0-1

[Event "C-Klasse 2010 (C68)"]
[Site "Berlin-Weißensee"]
[Date "2010.05.13"]
[Round "2.3"]
[White "Laurin, Dirk"]
[Black "Bara, Andre"]
[Result "0-1"]
[WhiteElo "1367"]
[BlackElo "1618"]
[PlyCount "118"]
[EventDate "2010.??.??"]

1. e4 g6 2. d4 Bg7 3. Nf3 c6 4. Be2 d5 5. exd5 cxd5 6. c3 Nc6 7. Be3 Nf6 8.
Nbd2 Ng4 9. Bf4 e5 10. dxe5 Ngxe5 11. Nxe5 Nxe5 12. Nf3 Nc6 13. Bg5 f6 14. Be3
O-O 15. Nd4 Ne5 16. O-O Nc4 17. Bc1 Nb6 18. b3 f5 19. Ba3 Re8 20. Bb5 Bd7 21.
Bxd7 Qxd7 22. Bb2 Rad8 23. Rb1 Re4 24. Re1 Rde8 25. Qd2 Bh6 26. f4 Bxf4 27. Qf2
Be3 28. Rxe3 Rxe3 29. Nf3 Qe7 30. Kf1 Qe4 31. Re1 Qd3+ 32. Kg1 Rxe1+ 33. Nxe1
Qe2 34. Nf3 Qd1+ 35. Qf1 Qc2 36. Qc1 Re2 37. Qxc2 Rxc2 38. Ba3 Rxa2 39. Bc5 Nd7
40. Bd4 h6 41. b4 Kf7 42. h4 b6 43. Kh2 a5 44. Kg3 a4 45. Ne1 g5 46. hxg5 hxg5
47. Nf3 f4+ 48. Kh3 Kg6 49. g3 Kf5 50. g4+ Kg6 51. Ne1 Rd2 52. Nf3 Re2 53. Ng1
Rc2 54. Nf3 a3 55. Ne1 Rd2 56. Nf3 Re2 57. Ng1 Rc2 58. Nf3 a2 59. c4 Rxc4 0-1

[Event "C-Klasse 2010 (C68)"]
[Site "Berlin-Weißensee"]
[Date "2010.05.13"]
[Round "2.4"]
[White "Gressmann, Moritz"]
[Black "Rudolph, Stephanie"]
[Result "0-1"]
[WhiteElo "1600"]
[BlackElo "1622"]
[PlyCount "82"]
[EventDate "2010.??.??"]

1. e4 c5 2. Nc3 Nc6 3. g3 g6 4. Bg2 Bg7 5. f4 d6 6. d3 Nf6 7. Nf3 Bd7 8. O-O
Qc8 9. Qe2 Bg4 10. Be3 O-O 11. Qd2 Bd7 12. Nh4 Ng4 13. Kh1 Nxe3 14. Qxe3 Nd4
15. Qf2 e6 16. Nf3 b5 17. e5 Nxf3 18. Bxf3 d5 19. g4 Rb8 20. Qg3 Qc7 21. Rae1
Qb6 22. f5 Rfc8 23. f6 Bf8 24. h4 c4 25. h5 g5 26. h6 Bxh6 27. Qh3 Bf8 28. Qh5
h6 29. Kg2 cxd3 30. Rh1 $19 (30. cxd3) 30... b4 $4 $18 31. Rh3 $2 $19 (31. Qxh6
$1 Bxh6 32. Rxh6 $18) 31... dxc2 32. Reh1 (32. Qxh6 $2 Bxh6 33. Rxh6 bxc3 34.
Reh1 Qg1+ $3 35. Rxg1 Rxb2 36. Rgh1 c1=Q+) 32... c1=Q 33. Rxc1 Qe3 34. Rch1
bxc3 35. Qxh6 Bxh6 36. Rxh6 Qd2+ 37. Kg3 Qf4+ 38. Kf2 Qd2+ 39. Be2 Qf4+ 40. Kg2
Qe4+ 41. Bf3 Rxb2+ 0-1

[Event "C-Klasse 2010 (C68)"]
[Site "Berlin-Weißensee"]
[Date "2010.05.13"]
[Round "3.1"]
[White "Noak, Uwe"]
[Black "Struk, Thaddaeus"]
[Result "1-0"]
[WhiteElo "1534"]
[BlackElo "1386"]
[PlyCount "73"]
[EventDate "2010.??.??"]

1. b4 d5 2. f4 e5 3. fxe5 Bxb4 4. Nf3 c5 5. c3 Ba5 6. e3 Nc6 7. Bb5 Nge7 8. O-O
O-O 9. d4 b6 10. Ba3 a6 11. Bxc6 Nxc6 12. dxc5 bxc5 13. Bxc5 Re8 14. Bd4 Bf5
15. Nbd2 Nxd4 16. cxd4 Bc3 17. Rc1 Qa5 18. Nb3 Qb4 19. a3 Qxa3 20. Rxc3 a5 21.
Qd2 Reb8 22. Nc5 Qb4 23. Rb3 Qxd2 24. Rxb8+ Rxb8 25. Nxd2 Rb2 26. Rxf5 Rxd2 27.
e6 fxe6 28. Nxe6 h6 29. Rxd5 a4 30. Ra5 Ra2 31. Nc5 a3 32. Nb3 Kf7 33. Ra6 Re2
34. Rxa3 Rxe3 35. Kf2 Rc3 36. h4 Ke6 37. Nc5+ 1-0

[Event "C-Klasse 2010 (C68)"]
[Site "Berlin-Weißensee"]
[Date "2010.05.13"]
[Round "3.2"]
[White "Lange, Rudolf"]
[Black "Laurin, Dirk"]
[Result "1-0"]
[WhiteElo "1671"]
[BlackElo "1367"]
[PlyCount "22"]
[EventDate "2010.??.??"]

1. d4 d5 2. c4 Nf6 3. Nf3 g6 4. cxd5 Nxd5 5. e4 Nb6 6. h3 Bg7 7. Nc3 N8d7 8. a4
a5 9. Be3 c6 10. Be2 e5 11. dxe5 Nxe5 1-0

[Event "C-Klasse 2010 (C68)"]
[Site "Berlin-Weißensee"]
[Date "2010.05.13"]
[Round "3.3"]
[White "Rudolph, Stephanie"]
[Black "Focke, Wolfgang"]
[Result "1-0"]
[WhiteElo "1622"]
[BlackElo "1583"]
[PlyCount "61"]
[EventDate "2010.??.??"]

1. d4 d5 2. c4 dxc4 3. Nc3 a6 4. e3 Nf6 5. Bxc4 e6 6. Nf3 b5 7. Bd3 Bb7 8. O-O
Nbd7 9. e4 c5 10. d5 c4 11. Bc2 Nc5 12. Bg5 h6 13. Bh4 Qb6 14. Qd4 Ncd7 15.
Qxb6 Nxb6 16. dxe6 fxe6 17. e5 Nfd5 18. Bg6+ Kd7 19. Rad1 Be7 20. Bg3 Rac8 21.
Ne4 Ba8 22. Nd4 Na4 23. Bf7 Nxb2 24. Bxe6+ Kd8 25. Rb1 Rc7 26. Rxb2 c3 27. Re2
Nb4 28. Bb3 Rd7 29. Ne6+ Kc8 30. Nd6+ Bxd6 31. exd6 1-0

[Event "C-Klasse 2010 (C68)"]
[Site "Berlin-Weißensee"]
[Date "2010.05.13"]
[Round "3.4"]
[White "Bara, Andre"]
[Black "Gressmann, Moritz"]
[Result "1/2-1/2"]
[WhiteElo "1618"]
[BlackElo "1600"]
[PlyCount "74"]
[EventDate "2010.??.??"]

1. c4 e5 2. Nc3 Nc6 3. g3 g6 4. Bg2 Bg7 5. Rb1 a5 6. d3 d6 7. e4 Nf6 8. Nge2
O-O 9. Bd2 Be6 10. f4 Qd7 11. O-O Bh3 12. a3 Bxg2 13. Kxg2 h5 14. f5 h4 15. Nd5
Ne7 16. Nxe7+ Qxe7 17. Bg5 Qd7 18. Bxh4 Ng4 19. Qd2 $6 $13 (19. Bg5 $16) 19...
f6 20. Bg5 $17 (20. Rf3 $142 Bh6 21. Qe1 gxf5 (21... g5 22. h3 Ne3+ 23. Rxe3
gxh4 24. Rf3) 22. Nc3 (22. exf5 Ne3+ 23. Kg1)) 20... fxg5 21. Qxg5 $2 $19 (21.
fxg6) (21. h3 Nh6 22. fxg6 (22. Qxg5 gxf5)) 21... gxf5 22. exf5 Qc6+ $6 (22...
Rxf5 $1 $19 23. Rxf5 (23. Qxg4 Rf2+) 23... Qxf5 24. Qxf5 Ne3+ 25. Kf3 Nxf5) 23.
Kg1 (23. Kh3) 23... Qb6+ 24. d4 exd4 25. Nf4 (25. Qxg4 d3+ 26. Rf2 dxe2 27.
Qxe2 Rae8 28. Qg4 Qd4) 25... d3+ 26. Kh1 Qc6+ 27. Nd5 Nf6 28. Qg6 $2 Nxd5 $6 (
28... Rae8 $19) 29. Qe6+ Rf7 30. cxd5 Qd7 {(=)} (30... Qb5) 31. Qg6 Qb5 32. g4
$4 (32. f6 Qxd5+ 33. Kg1 Raf8 34. fxg7 Rxf1+ 35. Rxf1 Rxf1+ 36. Kxf1 Qh1+ 37.
Kf2 Qxh2+ 38. Ke3 Qe2+ 39. Kf4 d2) 32... Qxd5+ 33. Kg1 Qd4+ (33... Re8 $19) 34.
Kg2 Qe4+ 35. Kg3 Qe5+ (35... d2) 36. Kg2 Qe4+ 37. Kg3 Qe5+ 1/2-1/2

[Event "C-Klasse 2010 (C68)"]
[Site "Berlin-Weißensee"]
[Date "2010.05.14"]
[Round "4.1"]
[White "Struk, Thaddaeus"]
[Black "Laurin, Dirk"]
[Result "1-0"]
[WhiteElo "1386"]
[BlackElo "1367"]
[PlyCount "101"]
[EventDate "2010.??.??"]

1. d4 Nf6 2. c4 g6 3. Nc3 d5 4. cxd5 Nxd5 5. e4 Nxc3 6. bxc3 Bg7 7. Nf3 O-O 8.
h3 c5 9. Be3 cxd4 10. cxd4 e6 11. Be2 Nc6 12. O-O Bd7 13. Rb1 Qc7 14. Qd2 b6
15. Rfc1 Qb7 16. d5 exd5 17. exd5 Na5 18. d6 Rac8 19. Bh6 Rxc1+ 20. Rxc1 Rc8
21. Bxg7 Kxg7 22. Qd4+ Kg8 23. Rxc8+ Qxc8 24. Qf6 Qf8 25. Ne5 Qe8 26. Nxd7 Qxd7
27. Qe7 Qc8 28. d7 Qc1+ 29. Bf1 Nc6 30. Qe8+ Kg7 31. Qc8 Qc5 32. d8=Q Nxd8 33.
Qxd8 Qc1 34. Qd7 a5 35. a4 Qa1 36. Qb5 Qd4 37. Qb3 Qf6 38. Bb5 Qa1+ 39. Kh2
Qe5+ 40. Qg3 Qf6 41. f3 h5 42. f4 h4 43. Qg5 Qxg5 44. fxg5 f6 45. gxf6+ Kxf6
46. g3 g5 47. gxh4 gxh4 48. Kg2 Kg5 49. Kf3 Kf5 50. Bd7+ Kg5 51. Ke4 1-0

[Event "C-Klasse 2010 (C68)"]
[Site "Berlin-Weißensee"]
[Date "2010.05.14"]
[Round "4.2"]
[White "Noak, Uwe"]
[Black "Rudolph, Stephanie"]
[Result "0-1"]
[WhiteElo "1534"]
[BlackElo "1622"]
[PlyCount "60"]
[EventDate "2010.??.??"]

1. b4 d5 2. f4 Bf5 3. Nf3 e6 4. a3 Bd6 5. e3 Nf6 6. Bb2 Nbd7 7. Be2 h6 8. O-O
O-O 9. Nd4 Bh7 10. Bd3 Ne4 11. Bxe4 Bxe4 12. d3 Bh7 13. Qg4 Nf6 14. Qe2 c5 15.
bxc5 Bxc5 16. Nd2 a6 17. g4 Rc8 18. N2b3 Bd6 19. Rf2 Nd7 20. g5 hxg5 21. fxg5
Qxg5+ 22. Rg2 Qh6 23. Nxe6 {(=)} fxe6 24. Rxg7+ Qxg7+ 25. Bxg7 Kxg7 26. Qg4+
Kf7 27. Rf1+ Nf6 28. Qh4 Rg8+ 29. Kh1 Bf5 30. Rf2 Rg4 0-1

[Event "C-Klasse 2010 (C68)"]
[Site "Berlin-Weißensee"]
[Date "2010.05.14"]
[Round "4.3"]
[White "Gressmann, Moritz"]
[Black "Lange, Rudolf"]
[Result "1/2-1/2"]
[WhiteElo "1600"]
[BlackElo "1671"]
[PlyCount "36"]
[EventDate "2010.??.??"]

1. Nf3 d5 2. c4 c6 3. e3 Nf6 4. Nc3 e6 5. d4 Nbd7 6. Bd3 dxc4 7. Bxc4 b5 8. Bd3
a6 9. O-O c5 10. Re1 Bb7 11. a3 cxd4 12. exd4 Nd5 13. Be4 N7f6 14. Bg5 Be7 15.
Bxf6 Bxf6 16. Qb3 O-O 17. Bxd5 Bxd5 18. Nxd5 Qxd5 1/2-1/2

[Event "C-Klasse 2010 (C68)"]
[Site "Berlin-Weißensee"]
[Date "2010.05.14"]
[Round "4.4"]
[White "Focke, Wolfgang"]
[Black "Bara, Andre"]
[Result "1/2-1/2"]
[WhiteElo "1583"]
[BlackElo "1618"]
[PlyCount "93"]
[EventDate "2010.??.??"]

1. e4 g6 2. d4 Bg7 3. Nc3 c6 4. Be3 d5 5. f3 f5 6. Be2 e6 7. Qd2 a5 8. Nh3 b5
9. O-O b4 10. Na4 Na6 11. Nf2 h6 {(=)} 12. c4 g5 13. Qc2 Ne7 14. Rad1 O-O 15.
cxd5 exd5 16. e5 f4 17. Bc1 Bf5 18. Bd3 Bxd3 19. Nxd3 Nf5 20. Ndc5 Nc7 21. Rfe1
Qe7 22. Nb6 Rad8 23. b3 Nb5 24. Bb2 Ne3 25. Rxe3 fxe3 26. Rd3 e2 27. Qxe2 Bxe5
28. Qxe5 Qxe5 29. dxe5 Rde8 30. Nbd7 Rf5 31. Nf6+ Kf7 32. Nxe8 Kxe8 33. e6 Ke7
34. g4 Rf8 35. Kg2 Rg8 36. Re3 Rg6 37. Be5 Rg8 38. Kg3 Na3 39. f4 gxf4+ 40.
Bxf4 d4 41. Re4 h5 42. h3 Nb5 43. Kh4 hxg4 44. hxg4 Rh8+ 45. Kg3 Nc3 46. Be5
Nxe4+ 47. Nxe4 1/2-1/2

[Event "C-Klasse 2010 (C68)"]
[Site "Berlin-Weißensee"]
[Date "2010.05.15"]
[Round "5.1"]
[White "Rudolph, Stephanie"]
[Black "Struk, Thaddaeus"]
[Result "1/2-1/2"]
[WhiteElo "1622"]
[BlackElo "1386"]
[PlyCount "114"]
[EventDate "2010.??.??"]

1. d4 Nf6 2. c4 c5 3. d5 d6 4. Nc3 e6 5. dxe6 fxe6 6. Bg5 Be7 7. e4 O-O 8. Nf3
Nc6 9. Qd2 e5 10. Bxf6 Bxf6 11. Nd5 Be6 12. Be2 Nd4 13. O-O Bg5 14. Nxg5 Nxe2+
15. Qxe2 Bxd5 16. Nxh7 Bxc4 17. Qxc4+ Kxh7 {(=)} 18. Rad1 Qb6 19. Rd3 Rf6 20.
Rb3 Qc6 21. Rd1 Raf8 22. Rdd3 g6 23. f3 a6 24. a4 Rb8 25. a5 b5 26. axb6 Rxb6
27. Rxb6 Qxb6 28. Rb3 Qa5 29. Rb7+ Kh6 30. Qc1+ g5 31. h4 Rg6 32. Rb8 Qc7 33.
hxg5+ Kg7 34. Rb3 Qe7 35. Qd2 Rxg5 36. Qd5 Kh6 37. Rb6 Rg6 38. Rxa6 Qg5 39. g4
Qc1+ 40. Kf2 Qxb2+ 41. Ke3 Qd4+ 42. Qxd4 exd4+ 43. Kf2 Kg5 44. Ra7 Kf4 45. Rf7+
Ke5 46. Rf5+ Ke6 47. Rd5 Kd7 48. g5 Re6 49. Kg3 Re5 50. Kf4 Rxd5 51. exd5 d3
52. Ke3 c4 53. f4 Ke7 54. f5 Kf7 55. f6 Kg6 56. Kd2 Kf7 57. Kc3 Kg6 1/2-1/2

[Event "C-Klasse 2010 (C68)"]
[Site "Berlin-Weißensee"]
[Date "2010.05.15"]
[Round "5.2"]
[White "Laurin, Dirk"]
[Black "Gressmann, Moritz"]
[Result "0-1"]
[WhiteElo "1367"]
[BlackElo "1600"]
[PlyCount "69"]
[EventDate "2010.??.??"]

1. d4 Nf6 2. Nf3 g6 3. e3 d5 4. c4 Bg7 5. Nc3 O-O 6. Bd3 dxc4 7. Bxc4 e6 8. O-O
b6 9. Be2 Bb7 10. Bd2 Nbd7 11. Be1 c5 12. dxc5 Nxc5 13. Nd2 Nd5 14. Nc4 Nxc3
15. Bxc3 Qxd1 16. Raxd1 Bxc3 17. bxc3 Rad8 18. f3 Na4 19. Rxd8 Rxd8 20. Rc1 a6
21. Bd1 Nxc3 22. Rxc3 Rxd1+ 23. Kf2 b5 24. Na5 Rd7 25. Nxb7 Rxb7 26. Rc8+ Kg7
27. f4 Rd7 28. Ke2 a5 29. Rc5 Rb7 30. Kd3 a4 31. Kc2 b4 32. Rc4 b3+ 33. Kb2 a3+
34. Kxa3 b2 35. Rc3 0-1

[Event "C-Klasse 2010 (C68)"]
[Site "Berlin-Weißensee"]
[Date "2010.05.15"]
[Round "5.4"]
[White "Lange, Rudolf"]
[Black "Focke, Wolfgang"]
[Result "1-0"]
[WhiteElo "1671"]
[BlackElo "1583"]
[PlyCount "67"]
[EventDate "2010.??.??"]

1. d4 d5 2. c4 c6 3. Nf3 Nf6 4. Nc3 e6 5. e3 dxc4 6. Bxc4 b5 7. Bd3 Bb7 8. e4
a6 9. Bg5 Be7 10. O-O Nbd7 11. Qb3 O-O 12. a4 b4 13. e5 Nd5 14. Bxe7 Qxe7 15.
Nxd5 cxd5 16. a5 Nb8 17. Rfc1 Nc6 18. Qc2 g6 19. Qd2 f5 20. Bf1 Rfc8 21. Rc5
Rc7 22. Rac1 Rac8 23. Ne1 Nxa5 24. Qxb4 Rxc5 25. dxc5 Nc6 26. Qb6 Nxe5 27. Bxa6
Bxa6 28. Qxa6 Rc6 29. Qa8+ Kg7 30. b4 Qg5 31. Ra1 Rc7 32. b5 Qh4 33. Qb8 Rf7
34. Qxe5+ 1-0

[Event "C-Klasse 2010 (C68)"]
[Site "Berlin-Weißensee"]
[Date "2010.05.15"]
[Round "6.1"]
[White "Struk, Thaddaeus"]
[Black "Gressmann, Moritz"]
[Result "1-0"]
[WhiteElo "1386"]
[BlackElo "1600"]
[PlyCount "69"]
[EventDate "2010.??.??"]

1. e4 e5 2. Nf3 Nc6 3. Bc4 Nf6 4. d3 Bc5 5. Be3 Bb6 6. O-O d6 7. Nbd2 Bg4 8. c3
O-O 9. Qc2 d5 10. exd5 Nxd5 11. Bg5 Qd7 12. Bb5 f6 13. Bh4 Nf4 14. Bg3 Ne2+ 15.
Kh1 Nxg3+ 16. fxg3 Rad8 17. Nc4 a6 18. Nxb6 cxb6 19. Bc4+ Kh8 20. Rad1 b5 21.
Bb3 Na5 22. h3 Nxb3 23. axb3 Bxf3 24. Rxf3 e4 25. Re3 f5 26. d4 Qd6 27. c4 Rde8
28. d5 f4 29. c5 Qg6 30. gxf4 Rxf4 31. d6 Qf6 {(=)} (31... Qf5 32. d7 Rd8) 32.
d7 Rd8 33. Rxe4 Rxe4 34. Qxe4 Qc6 35. Qe7 1-0

[Event "C-Klasse 2010 (C68)"]
[Site "Berlin-Weißensee"]
[Date "2010.05.15"]
[Round "6.2"]
[White "Rudolph, Stephanie"]
[Black "Bara, Andre"]
[Result "1-0"]
[WhiteElo "1622"]
[BlackElo "1618"]
[PlyCount "141"]
[EventDate "2010.??.??"]

1. d4 g6 2. c4 Bg7 3. Nc3 d6 4. e4 Nd7 5. Nf3 c5 6. Be3 Nh6 7. h3 cxd4 8. Nxd4
Ne5 9. Qd2 Ng8 10. f4 Nc6 11. Rd1 Nxd4 12. Bxd4 Bxd4 13. Qxd4 e5 14. Qf2 Qa5
15. Rd5 Qb6 16. Qxb6 axb6 17. fxe5 dxe5 18. Rxe5+ Kf8 19. Rb5 Bd7 20. Rxb6 Bc6
21. Kf2 Nf6 22. Bd3 Nd7 23. Rb4 Nc5 24. Bb1 Re8 25. Re1 Kg7 26. e5 Rhf8 27. Nb5
f6 28. e6 Rxe6 29. Rxe6 Nxe6 30. Na7 Nc5 31. Nxc6 bxc6 32. Bc2 Rd8 33. Ke3 f5
34. Rb6 f4+ 35. Kf3 Rd2 36. Be4 Nd7 37. Rb7 Kf6 38. Rc7 Kg5 39. h4+ Kxh4 40.
Kxf4 c5 41. Bd5 Nf6 42. Ke5 Kg5 43. Rb7 Ne8 44. Ke6 Re2+ 45. Kd7 Nf6+ 46. Kc6
Kf4 47. Kxc5 Ne4+ 48. Kc6 Rxg2 49. a4 h5 50. a5 Rg1 51. a6 Ra1 52. a7 h4 53.
Kb6 h3 54. a8=Q Rxa8 55. Rf7+ Kg3 56. Bxa8 Nd6 57. Rc7 g5 58. b4 Kh2 59. c5 Ne8
60. Re7 Nf6 61. Re2+ Kg1 62. Re1+ Kh2 63. c6 Nd5+ 64. Kc5 Nc7 65. Kd6 Nxa8 66.
Re2+ Kg1 67. Re1+ Kf2 68. Ra1 Nb6 69. c7 h2 70. Kc6 Nc8 71. Kd7 {Dem Protest
von Stephanie Rudolph wurde stattgegeben. Damit endet die Partie hier.} (71. b5
g4 72. b6 g3 73. b7 g2 74. bxc8=Q g1=Q 75. Qf5+) (71. Kd7 Nb6+ 72. Kd8 g4 73.
c8=Q Nxc8 74. Kxc8 g3 75. b5 g2 76. Ra2+ (76. b6 h1=Q 77. Rxh1 gxh1=Q 78. b7
Qc6+ 79. Kb8 Ke3 80. Ka7 Qa4+ 81. Kb8 Kd4 82. Kc7 Qc4+ 83. Kd8 Qd5+ 84. Kc7
Qc5+ 85. Kd7 Qb6 86. Kc8 Qc6+ 87. Kb8 Kc5 88. Ka7 Qa4+ 89. Kb8 Kb6 90. Kc8 Qe8#
) 76... Kf3 77. Ra3+ Ke4 78. Ra4+ {(=)} Kd5 79. b6 h1=Q 80. Kb7 g1=Q 81. Ka7
Qh7+ 82. Ka6 Qd3+ 83. Ka7 Qg7+ 84. b7 Qe3+ 85. Ka8 Qc7 86. b8=Q Qxb8+ 87. Kxb8
Qe8+ 88. Kb7 Qxa4 89. Kb6 Qc6+ 90. Ka7 Qb5 {Ende Partieverlauf 0:1}) 1-0

[Event "C-Klasse 2010 (C68)"]
[Site "Berlin-Weißensee"]
[Date "2010.05.15"]
[Round "6.3"]
[White "Focke, Wolfgang"]
[Black "Laurin, Dirk"]
[Result "1/2-1/2"]
[WhiteElo "1583"]
[BlackElo "1367"]
[PlyCount "155"]
[EventDate "2010.??.??"]

1. e4 Nf6 2. e5 Nd5 3. Nf3 d6 4. d4 Bg4 5. h3 Bxf3 6. Qxf3 dxe5 7. dxe5 e6 8.
Bb5+ c6 9. Bd3 Nd7 10. Bf4 Nxf4 11. Qxf4 Qa5+ 12. Nc3 Qxe5+ 13. Qxe5 Nxe5 14.
O-O-O O-O-O 15. Be2 Be7 16. f4 Ng6 17. g3 Bc5 18. Ne4 Be7 19. Bd3 f5 20. Nd2 b5
21. Rhe1 Rd6 22. Nb3 Rhd8 23. Re3 Kc7 24. Rde1 Kb6 25. Rxe6 Rxe6 26. Rxe6 Bf6
27. Bxf5 Nf8 28. Re2 a5 29. Nd2 g6 30. Bd3 b4 31. Nc4+ Kc7 32. Ne5 Nd7 33. h4
Nc5 34. Re3 Nxd3+ 35. Nxd3 Bd4 36. Re7+ Rd7 37. Re4 c5 38. b3 Kd6 39. Kd1 Kd5
40. Re8 c4 41. bxc4+ Kxc4 42. Rc8+ Kb5 43. Kd2 Re7 44. Kd1 Re3 45. Rd8 Bc3 46.
g4 Rf3 47. h5 gxh5 48. Rd5+ Kc4 49. Rxh5 Rf1+ 50. Ke2 Rg1 51. Rc5+ Kd4 52. Rxa5
Rg2+ 53. Nf2 Rg1 54. Ra8 Re1+ 55. Kf3 Re3+ 56. Kg2 Bd2 57. f5 Rc3 58. Rd8+ Ke3
59. Re8+ Kf4 60. Re4+ Kg5 61. Rxb4 Rxc2 62. Nh3+ Kh4 63. Rb3 Bc3+ 64. Kf3 Kxh3
65. Rb7 h6 66. Rh7 Bd2 67. f6 Rc3+ 68. Kf2 Bg5 69. f7 Rc2+ 70. Kf3 Rc3+ 71. Ke2
Be7 72. Rxh6+ Kxg4 73. Re6 Rc7 74. Rg6+ Kf5 75. Rg8 Rc2+ 76. Kd3 Rxa2 77. f8=Q+
Bxf8 78. Rxf8+ 1/2-1/2

[Event "C-Klasse 2010 (C68)"]
[Site "Berlin-Weißensee"]
[Date "2010.05.15"]
[Round "6.4"]
[White "Noak, Uwe"]
[Black "Lange, Rudolf"]
[Result "1/2-1/2"]
[WhiteElo "1534"]
[BlackElo "1671"]
[PlyCount "51"]
[EventDate "2010.??.??"]

1. g3 d5 2. Bg2 c6 3. b3 Bf5 4. Bb2 Nf6 5. e3 e6 6. Nf3 h6 7. Nc3 Be7 8. Ne2 a5
9. a3 O-O 10. O-O Nbd7 11. Nfd4 Bh7 12. f4 Qc7 13. Nf3 b5 14. h3 c5 15. g4 Ne4
16. Ne5 f6 17. Nxd7 Qxd7 18. d3 Nd6 19. Ng3 Rac8 20. Qd2 a4 21. Rad1 c4 22. f5
exf5 23. Bxd5+ Kh8 24. dxc4 fxg4 25. h4 bxc4 26. bxc4 1/2-1/2

[Event "C-Klasse 2010 (C68)"]
[Site "Berlin-Weißensee"]
[Date "2010.05.16"]
[Round "7.1"]
[White "Bara, Andre"]
[Black "Struk, Thaddaeus"]
[Result "1/2-1/2"]
[WhiteElo "1618"]
[BlackElo "1386"]
[PlyCount "79"]
[EventDate "2010.??.??"]

1. c4 c5 2. Nc3 Nc6 3. g3 d6 4. Nf3 g6 5. Rb1 Bg7 6. a3 Bd7 7. d3 Rb8 8. Bd2
Nh6 9. Qc1 Nf5 10. b4 b6 11. Bg2 O-O 12. b5 Bxc3 13. Bxc3 Ncd4 14. e3 Nxf3+ 15.
Bxf3 e5 16. O-O {(=)} Ne7 17. d4 f6 18. Rd1 Qc7 19. dxc5 dxc5 20. Bd5+ Kg7 21.
e4 Bg4 22. Rd3 Rbd8 23. Bd2 g5 24. Bxg5 Kh8 25. Bh6 Rfe8 26. f4 Nxd5 27. cxd5
exf4 28. Bxf4 Qf7 {(=)} 29. Re3 f5 30. Qc3+ Kg8 31. Rbe1 fxe4 32. d6 Bf3 33.
Rf1 Qa2 34. Qb3+ Qxb3 35. Rxb3 Be2 36. Re1 Bd3 37. Kf2 Kf7 38. a4 c4 39. Ra3
Rd7 40. Ke3 1/2-1/2

[Event "C-Klasse 2010 (C68)"]
[Site "Berlin-Weißensee"]
[Date "2010.05.16"]
[Round "7.2"]
[White "Gressmann, Moritz"]
[Black "Focke, Wolfgang"]
[Result "1/2-1/2"]
[WhiteElo "1600"]
[BlackElo "1583"]
[PlyCount "41"]
[EventDate "2010.??.??"]

1. Nf3 Nf6 2. Nc3 d5 3. d4 Bf5 4. Bf4 e6 5. e3 c5 6. Bb5+ Nbd7 7. Ne5 a6 8.
Bxd7+ Nxd7 9. a4 cxd4 10. exd4 Bb4 11. Bd2 {(=)} O-O 12. O-O Be7 13. Ne2 Rc8
14. c3 Nb6 15. Ng3 Bg6 16. f4 f5 17. Qe2 Nc4 18. Nxc4 Rxc4 19. Qxe6+ Kh8 20.
Qe3 Re8 21. Qd3 1/2-1/2

[Event "C-Klasse 2010 (C68)"]
[Site "Berlin-Weißensee"]
[Date "2010.05.16"]
[Round "7.3"]
[White "Lange, Rudolf"]
[Black "Rudolph, Stephanie"]
[Result "0-1"]
[WhiteElo "1671"]
[BlackElo "1622"]
[PlyCount "72"]
[EventDate "2010.??.??"]

1. Nf3 d5 2. g3 g6 3. Bg2 Bg7 4. O-O Nf6 5. d3 O-O 6. Nbd2 Re8 7. e4 dxe4 8.
dxe4 e5 9. Qe2 b6 10. Rd1 Ba6 11. Qe1 Qe7 12. a4 c5 13. b3 Nc6 14. Ba3 Rad8 15.
c3 Qe6 16. Rac1 Bh6 17. Rb1 Bd3 18. Rb2 Rd7 19. Bf1 Red8 20. Bxd3 Rxd3 21. Rc1
Qg4 22. Kg2 Nxe4 23. Nxe4 Qxf3+ 24. Kh3 Bxc1 25. Qxc1 Qxe4 26. Qh6 Qf5+ 27. Kg2
Qf3+ 28. Kh3 Qh5+ 29. Qxh5 gxh5 30. Re2 Rxc3 31. Bb2 Rxb3 32. Kh4 Nd4 33. Bxd4
exd4 34. a5 bxa5 35. Re5 c4 36. Rxh5 a4 0-1